000 00474nam a22001697a 4500
005 20250216102948.0
008 250216b |||||||| |||| 00| 0 eng d
020 _a97807369359
082 _a005.52
_bPIE-M
100 _aJohn Pierce
245 _aMOS 2016 Study Guide for Microsoft Word Expert /
_cJohn Pierce
260 _aUsa;
_bMicrosft:
_c2017.
300 _axxx, 154 p. :
_bill;
_c24 cm.
500 _ainclude index.
650 _aSoftware Engineering
999 _c36863
_d36863